UBT Library

Fjalor drejtshkrimor i gjuhës shqipe : rreth 75 000 fjalë (Record no. 1115)

000 -LEADER
fixed length control field 00553nam a22001817a 4500
008 - FIXED-LENGTH DATA ELEMENTS--GENERAL INFORMATION
fixed length control field 150713b xxu||||| |||| 00| 0 alb d
020 ## - INTERNATIONAL STANDARD BOOK NUMBER
International Standard Book Number 9789995683047
041 0# - LANGUAGE CODE
Language code of text/sound track or separate title alb
080 ## - UNIVERSAL DECIMAL CLASSIFICATION NUMBER
Universal Decimal Classification number 811.18"271
Common auxiliary subdivision (038)
100 ## - Rafti
Rafti Dhrimo, Ali ; Memushaj, Rami ;
245 ## - TITLE STATEMENT
Title Fjalor drejtshkrimor i gjuhës shqipe : rreth 75 000 fjalë
Statement of responsibility, etc Ali Dhrimo ; Rami Memushaj ;
260 ## -
-- Tiranë :
-- Infbotues ;
-- 2011.
300 ## -
-- XLIV, 925 f. ;
-- 21 cm.
650 #0 -
-- Gjuha shqipe
650 #0 -
-- Fjalorë
650 #0 -
-- Drejtshkrimi dhe shqiptimi
942 ## - ADDED ENTRY ELEMENTS (KOHA)
Source of classification or shelving scheme
Item type Books
Holdings
Withdrawn status Lost status Source of classification or shelving scheme Damaged status Not for loan Collection code Permanent location Current location Shelving location Date acquired Total Checkouts Full call number Date last seen Price effective from Koha item type
          Koleksioni i përgjithshem UBT - Prishtine UBT - Prishtine Koleksioni i përgjithshem 07/13/2015   811.18"271 (038) DHR 07/13/2015 07/13/2015 Books
UBT Library © 2015-2024. All rights reserved University Education for Business and Technology